Siyaset akademisi (Record no. 2105)

MARC details
000 -BAŞLIK
Sabit Uzunlukta Kontrol Alanı 00780na a2200229 4500
001 - KONTROL NUMARASI
Denetim Alanı 18351
003 - KONTROL NUMARASI IDENTIFIER
Denetim Alanı MIRAKIL
005 - SON İŞLEM TARİHİ VE ZAMANI
Denetim Alanı 20181213154845.0
008 - SABİT-BOY VERİ ELEMANLARI - GENEL BİLGİLER
Sabit Uzunlukta Kontrol Alanı 161117b tu 000 0
020 ## - ULUSLARARASI STANDART KİTAP NUMARASI
Uluslararası Standart Kitap Numarası 9786054303083
040 ## - KATALOGLAMA KAYNAK
Orijinal Kataloglama Ajansı Milas
Kataloglama Dili tur
Metne Dönüştürmek Ajansı TR-AnCHP
041 ## - DİL KODU
Metin / Ses Parça Veya Ayrı Başlığın Dil Kodu tur
082 ## - DEWEY ONLU SINIFLANDIRMA NUMARASI
Sınıflandırma Numarası 320.956
Ürün Numarası S59 2012
090 ## - SINIFLAMA NUMARASI
Sınıflama Numarası 320.956 S59 2012
245 ## - BAŞLIK TABLOSU
Başlık Siyaset akademisi
Başlığın Kalan Türk siyasetinde bir dönem ve yeni bakış açıları (19 Mayıs-26 Haziran 2010)
Sorumluluk Tablosu, Vb editör Zeynep Banu Dalaman
246 ## - UNVAN FORM VARYING
Başlık Doğru / Kısa Başlığı Türk siyasetinde bir dönem ve yeni bakış açıları (19 Mayıs-26 Haziran 2010)
260 ## - YAYIN, DAĞITIM, VB
Yayın, Dağıtım, Vb Yeri İstanbul
Yayıncı, Dağıtıcı, Vs Adı İstanbul Aydın Üniversitesi
Yayın, Dağıtım, Vb Tarihi 2012
300 ## - FİZİKSEL TANIM
Kapsam 299 s.
Boyutlar 24 sm.
500 ## - GENEL NOT
Genel Not Yapıt yazarından imzalıdır.
700 ## - KATMA GİRİŞ - KİŞİSEL İSİM
Kişisel Ad Dalaman, Zeynep Banu
942 ## - EKLENDİ GİRİŞ ELEMANLARI (KOHA)
Sınıflandırma Veya Raf Düzeni Kaynak Dewey Decimal Classification
Koha Öğesi Türü Books
999 ## - SİSTEM KONTROL NUMARALARI (KOHA)
Koha Biblionumber 2105
Koha Biblioitemnumber 2105
Holdings
Kalıcı Konum Mevcut Konum Edinme Tarihi Edinim Kaynak Toplam Check-Out'Lar Tam Çağrı Numarası Barkod Tarih Son Görülme İtibaren Geçerli Fiyatlar Koha Öğesi Türü
CHP Kütüphanesi CHP Kütüphanesi 11/17/2016 Bağış   320.956 S59 2012 009506 11/17/2016 11/17/2016 Books
Parti Okulu Kütüphanesi Parti Okulu Kütüphanesi 02/04/2017 Bağış   320.956 S59 2012 P00862 02/04/2017 02/04/2017 Books